00653 2200241 4500001002100000005001500021035002000036245008400056100001900140250000600159300003500165700001700200260003900217082001100256084001700267020002200284650002100306990001700327990001700344990001700361990001600378990001700394INLIS00000000000019820180911125225 a0010-09180000521 aMenulis Rangkuman dan Sinopsis Buku /cY. Budi Artati; Ilustrator, Budi Santosa0 aY. Budi Artati a- aiv, 68 hlm. :bilus. ;c21 cm.0 aBudi Santosa aKlaten :bPT Intan Pariwara,c2008 a808.02 a808.02 BUD m a978-979-28-0374-7 aTeknik Penulisan a00848/P/2018 a00849/P/2018 a00850/P/2018 a00851P/2018 a00852/P/2018